Marques de montre - Statistiques

Statistiques générales
  • Ce quiz a été pris 702 fois
  • Le résultat moyen est 7 sur 14
Statistiques - réponses
Modèle Marque % Correct
Daytona Rolex
93%
G-Shock Casio
83%
Speedmaster Omega
82%
Royal Oak Audemars Piguet
63%
Nautilus Patek Philippe
61%
Carrera TAG Heuer
51%
Reverso Jaeger-LeCoultre
50%
Presage Seiko
50%
Himalaya Lip
42%
Crash Cartier
41%
Navitimer Breitling
38%
Bambino Orient
33%
Patrimony Vacheron Constantin
15%
Pont des Amoureux Van Cleef & Arpels
13%
Aucun quiz correspondant
Distribution des résultats
% des personnes avec chaque résultat
Percentile par nombre de réponses
Votre historique - résultats
Vous n’avez pas pris ce quiz